Datum a čas kvízu
27
Celkem bodů
Celkový počet nahraných bodů na tomto kvízu bez doplňovacích otázek.
4.
Pořadí na kvízu
Konečné umístění týmu na tomto kvízu.
Zaznamenané odpovědi
| # | Otázka | Odpověď | Body | Výsledky |
|---|---|---|---|---|
| 1. | Nejvyšší správní soud minulý t... | Děti Země | 0 | |
| 2. | Buckinghamský palác odhalil v... | D) motýl | 1 | |
| 3. | Minulý týden začal režisér Tom... | Tři princezny | 1 | |
| 4. | Bývalá manželka Billa Gatese M... | Gatesova nadace | 0 | |
| 5. | V sobotu se v Rijádu konal dlo... | Tyson Fury, Oleksandr Usyk | 0 | |
| 6. | Bájného českého knížete Kroka,... | Krakov | 1 | |
| 7. | K Janu Žižkovi se váže jistá p... | C | 0 | |
| 8. | Přiřaďte k sobě dvojice hrdinů... | 1B 2A 3D 4C | 1 | |
| 9. | Václav Podbrdský byl kameník,... | A | 1 | |
| 10. | Pokud dokážete určit, co tento... | Stadice | 0 |